Mahomet, sa vie et sa doctrine, (Record no. 2568)

MARC details
000 -LEADER
fixed length control field 00881cam a22002411 4500
001 - CONTROL NUMBER
control field af 47004260
003 - CONTROL NUMBER IDENTIFIER
control field DLC
005 - DATE AND TIME OF LATEST TRANSACTION
control field 20260227110824.0
008 - FIXED-LENGTH DATA ELEMENTS--GENERAL INFORMATION
fixed length control field 720630s1945 xx 000 0 eng
010 ## - LIBRARY OF CONGRESS CONTROL NUMBER
LC control number af 47004260
035 ## - SYSTEM CONTROL NUMBER
System control number (OCoLC)346183
040 ## - CATALOGING SOURCE
Original cataloging agency DLC
Transcribing agency OAU
Modifying agency OCoLC
-- DLC
041 1# - LANGUAGE CODE
Language code of text/sound track or separate title freger
050 00 - LIBRARY OF CONGRESS CALL NUMBER
Classification number BP75
Item number .A572
082 00 - DEWEY DECIMAL CLASSIFICATION NUMBER
Classification number 297.6/3
-- B
100 1# - MAIN ENTRY--PERSONAL NAME
Personal name Andræ, Tor,
Dates associated with a name 1885-1947.
245 10 - TITLE STATEMENT
Title Mahomet, sa vie et sa doctrine,
Statement of responsibility, etc. traduit de l'allemand par Jean Gaudefroy-Demombynes ... Préface de Maurice Gaudefroy-Demombynes ...
260 ## - PUBLICATION, DISTRIBUTION, ETC.
Place of publication, distribution, etc. Paris,
Name of publisher, distributor, etc. Adrien-Maisonneuve,
Date of publication, distribution, etc. 1945.
300 ## - PHYSICAL DESCRIPTION
Extent 3 p. l., [5]-192 p., 1 l.
Dimensions 23 cm.
490 0# - SERIES STATEMENT
Series statement Initiation à l'Islam, collection pub. sous le patronage de l'Institut d'études islamiques de l'Université de Paris. II
600 00 - SUBJECT ADDED ENTRY--PERSONAL NAME
Personal name Muḥammad,
Titles and other words associated with a name Prophet,
Dates associated with a name -632.
700 2# - ADDED ENTRY--PERSONAL NAME
Personal name Gaudefroy-Demombynes, Jean,
Dates associated with a name 1898-
Relator term tr.

No items available.

Powered by Koha